000 00321nam a2200133Ia 4500
008 240624s9999 xx 000 0 und d
041 _aeng
082 _a954 NEV
100 _aNEVILE PRAN
245 _aSAHIBS INDIA VIGNETTES FROM THE RAJ
260 _c2010
_aNew Delhi
_bPenguin
300 _a241 : p.
365 _cRS
_b20
999 _c16605
_d16605